| 000 | 01287nac a22003851i 4500 | ||
|---|---|---|---|
| 003 | EG-ScBUE | ||
| 005 | 20250702085244.0 | ||
| 006 | m||||fq||h 00| 0 | ||
| 008 | 250630t2004 njua f bd 001 0 eng d | ||
| 020 | _a0131216317 (pbk.) | ||
| 020 | _a9780131216310 | ||
| 040 |
_aEG-ScBUE _beng _erda _cEG-ScBUE _dEG-ScBUE |
||
| 082 | 0 | 4 |
_a540 _bMCM _222 |
| 100 | 1 |
_aMcMurry, John, _eauthor. |
|
| 245 | 1 | 0 |
_aChemistry / _cJohn McMurry, Cornell University, Robert C. Fay, Cornell University. |
| 250 | _aFourth edition. | ||
| 250 | _aInternational edition. | ||
| 264 | 1 |
_aUpper Saddle River, New Jersey : _bPearson/Prentice Hall, _c[2004] |
|
| 264 | 4 | _cc2004 | |
| 300 |
_a1 volume (various pagings) : _bcolor illustrations ; _c27 cm + _e1 CD |
||
| 336 |
_2rdacontent _atext _btxt |
||
| 336 |
_2rdacontent _asounds _bsnd |
||
| 337 |
_aunmediated _2rdamedia _bn |
||
| 337 |
_aaudio _2rdamedia _bs |
||
| 338 |
_avolume _bnc _2rdacarrier |
||
| 338 |
_acomputer disc _bcd _2rdacarrier |
||
| 500 | _aPrevious edition : 2001. | ||
| 500 | _aIncludes glossary. | ||
| 500 | _aIncludes Appendices. | ||
| 504 | _aIncludes bibliographical references and index. | ||
| 650 | 7 |
_aChemistry. _2BUEsh |
|
| 655 | _vReading book | ||
| 700 | 1 |
_aFay, Robert C., _d1936- _eauthor. |
|
| 942 |
_cBB _2ddc |
||
| 999 |
_c1376 _d1376 |
||